[Event "Politiken Cup 2007"]
[Site "Helsingor"]
[Date "2007.07.28"]
[Round "9.37"]
[White "Andreasen, Per"]
[Black "Struch, Thomas"]
[Result "0-1"]
[WhiteElo "2228"]
[BlackElo "2106"]
[PlyCount "94"]
[EventDate "2007.??.??"]

1. c4 c5 2. Nf3 Nf6 3. e3 e6 4. d4 d5 5. Nc3 dxc4 6. Bxc4 a6 7. a4 Nc6 8. O-O
Qc7 9. b3 Bd6 10. dxc5 Bxc5 11. Bb2 O-O 12. Rc1 b6 13. Na2 Rd8 14. Qc2 h6 15.
Be2 Qe7 16. Rfd1 Bb7 17. h3 Rac8 18. Rxd8+ Qxd8 19. Rd1 Qe7 20. Bd3 Na5 21. Qe2
Nxb3 22. Bxa6 Bxa6 23. Qxa6 Rd8 24. Rxd8+ Qxd8 25. Nc3 Nd2 26. Nxd2 Qxd2 27.
Qe2 Ne4 28. Qxd2 Nxd2 29. Bc1 Nb3 30. Bb2 Bb4 31. Na2 Ba5 32. Bc3 Nc5 33. Bxa5
bxa5 34. Nc3 Kf8 35. Kf1 Ke7 36. Ke2 Kd6 37. h4 f5 38. f4 h5 39. Kf3 Nb7 40. e4
Kc5 41. Nb5 Nd6 42. Nc7 fxe4+ 43. Ke3 Kb4 44. Nxe6 Kxa4 45. Nxg7 Kb4 46. Ne6 a4
47. Nd4 Kc3 0-1

[Event "Politiken Cup 2007"]
[Site "Helsingor"]
[Date "2007.07.28"]
[Round "9.38"]
[White "Jacobsen, Per"]
[Black "Kristensen, Steffen Michael"]
[Result "1-0"]
[WhiteElo "1730"]
[BlackElo "1250"]
[PlyCount "175"]
[EventDate "2007.??.??"]

1. b3 d5 2. Bb2 Bf5 3. e3 Nd7 4. Nf3 Ngf6 5. d4 e6 6. Nbd2 Bd6 7. Be2 Ne4 8.
O-O O-O 9. c4 c6 10. g3 Bh3 11. Re1 Qf6 12. Nxe4 dxe4 13. Nd2 Qg6 14. c5 Be7
15. Qc2 f5 16. Nc4 Nf6 17. Nd6 Bxd6 18. cxd6 Bg4 19. Bxg4 Qxg4 20. Qe2 Qxe2 21.
Rxe2 Rfd8 22. Ba3 Ne8 23. Rc1 Nxd6 24. Rec2 Rac8 25. Rc5 Nf7 26. b4 Rd5 27.
R5c3 Ng5 28. Bb2 Nf3+ 29. Kg2 g5 30. a4 a6 31. Ba3 Rc7 32. Rb1 b5 33. axb5 axb5
34. Rbc1 Rd6 35. Rc5 Kf7 36. Rxb5 Rd5 37. Rb6 Rdd7 38. Rbxc6 Ne1+ 39. Kf1 Rxc6
40. Rxc6 Nd3 41. b5 Ra7 42. Rc3 Rb7 43. Rb3 g4 44. b6 Ke8 45. Bc5 Kd7 46. Ra3
Kc6 47. Rc3 Nxc5 48. dxc5 Rb8 49. Ke1 Ra8 50. Kd2 Rd8+ 51. Kc2 Ra8 52. Kb3 Ra5
53. Rc2 Rb5+ 54. Ka4 Rb1 55. Ka3 Rb5 56. Rc4 Rb1 57. Rb4 Ra1+ 58. Kb2 Ra8 59.
Rc4 Rb8 60. Kc3 e5 61. Kb4 h6 62. Rc2 Rd8 63. Ra2 Rd1 64. Rc2 Rb1+ 65. Kc4 Rb5
66. Rc3 Rxc5+ 67. Kb4 Rxc3 68. Kxc3 Kxb6 69. Kb4 Kc6 70. Kc4 Kd6 71. Kb5 Ke6
72. Kc5 h5 73. Kc6 f4 74. Kc5 f3 75. Kc6 Kf6 76. Kd6 h4 77. gxh4 g3 78. hxg3
Kf5 79. Kd5 Kg4 80. Kxe4 Kh5 81. Kxf3 e4+ 82. Kxe4 Kg4 83. Ke5 Kh5 84. f4 Kg6
85. g4 Kf7 86. f5 Kg7 87. f6+ Kg6 88. Ke6 1-0

[Event "Politiken Cup 2007"]
[Site "Helsingor"]
[Date "2007.07.28"]
[Round "9.39"]
[White "Christensen, Bo Garner"]
[Black "Larsen, Tor Ketil"]
[Result "1-0"]
[WhiteElo "2223"]
[BlackElo "1694"]
[PlyCount "73"]
[EventDate "2007.??.??"]

1. e4 c6 2. c4 d5 3. cxd5 cxd5 4. exd5 Qxd5 5. Nc3 Qd6 6. Bc4 Nf6 7. Nf3 a6 8.
a4 b6 9. d4 e6 10. O-O Be7 11. Re1 O-O 12. b3 Qc7 13. Bg5 Nc6 14. Rc1 Bb7 15.
d5 Rad8 16. Qe2 exd5 17. Bxf6 Bxf6 18. Nxd5 Qd6 19. Nxf6+ Qxf6 20. Bxa6 Bxa6
21. Qxa6 Nb4 22. Qb5 Nd3 23. Rc6 Qb2 24. Rf1 Nf4 25. Rxb6 Rd5 26. Qc4 Ne2+ 27.
Kh1 Rh5 28. Rb7 g5 29. a5 Rh6 30. a6 g4 31. Qxg4+ Rg6 32. Qc4 Qa2 33. Ne5 Re6
34. Qg4+ Rg6 35. Nxg6 fxg6 36. Qd7 Rxf2 37. Qg7# 1-0

[Event "Politiken Cup 2007"]
[Site "Helsingor"]
[Date "2007.07.28"]
[Round "9.40"]
[White "Peschardt, Soren"]
[Black "Jorgensen, Dennis"]
[Result "1/2-1/2"]
[WhiteElo "2137"]
[BlackElo "2190"]
[PlyCount "86"]
[EventDate "2007.??.??"]

1. d4 Nf6 2. c4 e6 3. Nc3 Bb4 4. Qc2 d5 5. e3 O-O 6. Nf3 c5 7. Bd3 cxd4 8. exd4
dxc4 9. Bxc4 Nc6 10. Be3 b6 11. O-O Bb7 12. Rac1 Na5 13. Be2 Rc8 14. Qa4 Bxc3
15. Rxc3 Rxc3 16. bxc3 Nd5 17. Bd2 Qc7 18. c4 Nf4 19. Bxf4 Qxf4 20. c5 Rd8 21.
cxb6 axb6 22. Rd1 g6 23. Qb5 Bxf3 24. gxf3 Rd5 25. Qxb6 Rh5 26. Kf1 Rxh2 27.
Ke1 Rh1+ 28. Bf1 Qxf3 29. Qxa5 Rxf1+ 30. Kxf1 Qxd1+ 31. Kg2 Qg4+ 32. Kf1 Qxd4
33. a4 h5 34. Qa8+ Kg7 35. a5 h4 36. a6 h3 37. Kg1 Qf4 38. a7 h2+ 39. Kg2 Qh4
40. Kh1 Qxf2 41. Qh8+ Kxh8 42. a8=Q+ Kh7 43. Qh8+ Kxh8 1/2-1/2

[Event "Politiken Cup 2007"]
[Site "Helsingor"]
[Date "2007.07.28"]
[Round "9.41"]
[White "Nielsen, Borge Hjerrild"]
[Black "Ringoir, Tanguy"]
[Result "1/2-1/2"]
[WhiteElo "2121"]
[BlackElo "2208"]
[PlyCount "115"]
[EventDate "2007.??.??"]

1. d4 Nf6 2. c4 e6 3. Nc3 Bb4 4. Qc2 Nc6 5. e3 O-O 6. Bd2 d6 7. a3 Bxc3 8. Bxc3
Qe7 9. Nf3 e5 10. dxe5 Nxe5 11. Be2 b6 12. Nxe5 dxe5 13. Bf3 Rb8 14. O-O a5 15.
b3 Qe6 16. Qb2 Re8 17. Rfd1 Qf5 18. Rac1 Ba6 19. a4 Ne4 20. Bxe4 Qxe4 21. Qe2
Bc8 22. Rd2 f6 23. Rcd1 Be6 24. Qd3 Qxd3 25. Rxd3 Kf7 26. f3 Ke7 27. Kf2 Red8
28. Rxd8 Rxd8 29. Rxd8 Kxd8 30. Ke2 Kd7 31. Kd2 h5 32. h4 Kd6 33. Bb2 g5 34. g3
Bd7 35. e4 g4 36. fxg4 Bxg4 37. Ba3+ c5 38. Bc1 Ke6 39. Kd3 Bd1 40. Kc3 Bf3 41.
Kd3 Bd1 42. Kc3 f5 43. exf5+ Kxf5 44. Bg5 e4 45. Kd2 Bxb3 46. Bd8 Kg4 47. Bxb6
Kxg3 48. Ke3 Bxa4 49. Bxa5 Bc6 50. Bd8 Kg4 51. Be7 Bb7 52. Bd8 Kg3 53. Be7 Kg4
54. Bd8 Ba6 55. Be7 Bxc4 56. Bxc5 Bd5 57. Be7 Bb7 58. Bd8 1/2-1/2

[Event "Politiken Cup 2007"]
[Site "Helsingor"]
[Date "2007.07.28"]
[Round "9.43"]
[White "Christensen, Svend Ellegaard"]
[Black "Johansson, Alexander"]
[Result "0-1"]
[WhiteElo "2199"]
[BlackElo "2028"]
[PlyCount "64"]
[EventDate "2007.??.??"]

1. d4 Nf6 2. Nf3 e6 3. Bf4 d5 4. e3 Be7 5. Bd3 c5 6. c3 O-O 7. Nbd2 Nc6 8. Ne5
h6 9. Qf3 Bd6 10. Qh3 Qc7 11. Bxh6 Bxe5 12. Bg5 Ne4 13. Bxe4 dxe4 14. dxe5 Nxe5
15. O-O Nd3 16. Nxe4 f5 17. Nd2 e5 18. b3 Be6 19. e4 Qd7 20. exf5 Rxf5 21. Qe3
Raf8 22. f3 Nf4 23. h4 b6 24. Rad1 Qf7 25. Ne4 Qg6 26. Rd2 Bd5 27. Nf2 Nxg2 28.
Kxg2 Rxf3 29. Qxe5 Rxf2+ 30. Kg1 Rxf1+ 31. Kh2 Rh1+ 32. Kg3 Rf3+ 0-1

[Event "Politiken Cup 2007"]
[Site "Helsingor"]
[Date "2007.07.28"]
[Round "9.44"]
[White "Sylvan, Jacob"]
[Black "Jonsson, Krister"]
[Result "0-1"]
[WhiteElo "2281"]
[BlackElo "2114"]
[PlyCount "83"]
[EventDate "2007.??.??"]

1. e4 e6 2. d4 d5 3. Nc3 Nf6 4. e5 Nfd7 5. Nce2 c5 6. c3 Nc6 7. f4 f6 8. Nf3 g5
9. exf6 Qxf6 10. Nxg5 Bd6 11. Nf3 O-O 12. Be3 Qg6 13. Ne5 Bxe5 14. dxe5 Qe4 15.
Qd2 d4 16. cxd4 cxd4 17. Nxd4 Nxd4 18. Qxd4 Rxf4 19. O-O-O Qc6+ 20. Qc3 Qxc3+
21. bxc3 Re4 22. Bh6 Rxe5 23. Bc4 b5 24. Bb3 Kf7 25. Rhf1+ Ke7 26. Bf4 Re2 27.
Bd6+ Ke8 28. Bc2 a6 29. Bxh7 Bb7 30. Bg6+ Kd8 31. g4 Bd5 32. h4 Rc8 33. Bb4
Rxa2 34. Kb1 Rg2 35. Ba5+ Ke7 36. g5 Rc4 37. Rd4 Ne5 38. Bc2 Nc6 39. Rxc4 Bxc4
40. Be4 Bxf1 41. Bxc6 Bd3+ 42. Kc1 0-1

[Event "Politiken Cup 2007"]
[Site "Helsingor"]
[Date "2007.07.28"]
[Round "9.45"]
[White "Roder, Peter"]
[Black "Roelvaag, Mikael"]
[Result "1/2-1/2"]
[WhiteElo "2080"]
[BlackElo "2245"]
[PlyCount "37"]
[EventDate "2007.??.??"]

1. e4 c5 2. Nf3 Nc6 3. d3 e6 4. g3 d5 5. Nbd2 Bd6 6. Bg2 Nge7 7. O-O O-O 8. b3
Rb8 9. Bb2 b5 10. Nh4 d4 11. f4 f5 12. a4 a6 13. axb5 axb5 14. exf5 exf5 15.
Re1 Nb4 16. Ndf3 Bc7 17. c3 dxc3 18. Bxc3 Ned5 19. Bb2 1/2-1/2

[Event "Politiken Cup 2007"]
[Site "Helsingor"]
[Date "2007.07.28"]
[Round "9.46"]
[White "Eklund, Joel"]
[Black "Hanssen, Gunnar Berg"]
[Result "1/2-1/2"]
[WhiteElo "2067"]
[BlackElo "2242"]
[PlyCount "151"]
[EventDate "2007.??.??"]

1. d4 Nf6 2. c4 e6 3. Nf3 b6 4. e3 Bb7 5. Bd3 Be7 6. O-O O-O 7. b3 d5 8. Bb2 c5
9. Nbd2 Nc6 10. Rc1 cxd4 11. exd4 Rc8 12. Re1 Re8 13. a3 Na5 14. Ne5 Bd6 15. f4
Qe7 16. Ra1 h6 17. Kh1 Rcd8 18. Qe2 Ne4 19. Nxe4 dxe4 20. Bc2 Rc8 21. Qh5 f5
22. Re3 Bxe5 23. fxe5 Qg5 24. Qxg5 hxg5 25. Re2 Rcd8 26. Bc3 Nc6 27. Rd1 Rd7
28. d5 exd5 29. cxd5 Nxe5 30. b4 Nf7 31. Ba4 Red8 32. Bxd7 Rxd7 33. Red2 Nd6
34. Rc2 b5 35. Bd4 Bxd5 36. Bc5 Bb3 37. Rcd2 Bxd1 38. Rxd1 e3 39. Bxe3 Kf7 40.
Bxg5 Ke6 41. Re1+ Ne4 42. g4 Rd1 43. Rxd1 Nf2+ 44. Kg2 Nxd1 45. Kf3 Nb2 46. Be3
Nc4 47. gxf5+ Kxf5 48. Bxa7 Nxa3 49. Bc5 Nc4 50. Bf8 g6 51. Bc5 Ne5+ 52. Kg3
Ke4 53. Bf8 Kf5 54. Bd6 g5 55. Be7 g4 56. Bd6 Nc6 57. Bc5 Nd8 58. Bd6 Ne6 59.
h3 gxh3 60. Kxh3 Ng5+ 61. Kg2 Ke4 62. Kf1 Kd3 63. Ke1 Ne4 64. Bf8 Nc3 65. Be7
Kc2 66. Bc5 Na2 67. Bf8 Kb3 68. Kd2 Nxb4 69. Kc1 Nd3+ 70. Kb1 Nb4 71. Bxb4 Kxb4
72. Kb2 Kc4 73. Kc2 b4 74. Kb2 b3 75. Kb1 Kc3 76. Kc1 1/2-1/2

[Event "Politiken Cup 2007"]
[Site "Helsingor"]
[Date "2007.07.28"]
[Round "9.47"]
[White "Vos, Chris"]
[Black "Nielsen, Lars Aaes"]
[Result "1-0"]
[WhiteElo "2071"]
[BlackElo "2242"]
[PlyCount "113"]
[EventDate "2007.??.??"]

1. d4 e6 2. e4 d5 3. Nc3 Bb4 4. e5 Qd7 5. a3 Bxc3+ 6. bxc3 b6 7. f4 Nh6 8. Nf3
Ba6 9. Bd2 Bxf1 10. Rxf1 Nc6 11. Kf2 Na5 12. Kg1 Nc4 13. Bc1 O-O-O 14. Qd3 Nf5
15. a4 Kb7 16. Nd2 Nfe3 17. Nxc4 Nxc4 18. f5 f6 19. fxe6 Qxe6 20. exf6 gxf6 21.
Bf4 Rde8 22. Bg3 Qe3+ 23. Qxe3 Rxe3 24. Rxf6 Rxc3 25. Rf7 Rc8 26. Rxh7 Rxc2 27.
Re1 a5 28. h4 b5 29. h5 b4 30. h6 Nd2 31. Bf4 b3 32. Bxd2 Rxd2 33. Rb1 b2 34.
Rg7 Rh8 35. h7 Kc6 36. Kh2 Rxd4 37. g4 Rxa4 38. Rxb2 Rb4 39. Ra2 a4 40. Kg3
Rb3+ 41. Kf4 a3 42. g5 Rf8+ 43. Kg4 Rb4+ 44. Kh5 Rf3 45. Kg6 Rh4 46. Rc2+ Kd6
47. Rcxc7 Rfh3 48. Ra7 Kc5 49. Rgc7+ Kb6 50. Rcb7+ Kc6 51. Re7 Kd6 52. Kf6 Rf3+
53. Kg7 Rfh3 54. g6 a2 55. Rf7 Rh2 56. Ra6+ Kc5 57. Rfa7 1-0

[Event "Politiken Cup 2007"]
[Site "Helsingor"]
[Date "2007.07.28"]
[Round "9.48"]
[White "Molvig, Henrik"]
[Black "Getz, Nicolai"]
[Result "1-0"]
[WhiteElo "2215"]
[BlackElo "2060"]
[PlyCount "43"]
[EventDate "2007.??.??"]

1. d4 Nf6 2. c4 e6 3. Nf3 b6 4. g3 Bb7 5. Bg2 Be7 6. O-O O-O 7. d5 exd5 8. Nh4
c6 9. cxd5 Nxd5 10. Nf5 Nc7 11. Nc3 d5 12. e4 Nba6 13. Bf4 Nc5 14. Qg4 N5e6 15.
Bxc7 Qxc7 16. exd5 cxd5 17. Nxd5 Bxd5 18. Bxd5 Bc5 19. Bxa8 Rxa8 20. b4 Be7 21.
Nh6+ Kh8 22. Qf3 1-0

[Event "Politiken Cup 2007"]
[Site "Helsingor"]
[Date "2007.07.28"]
[Round "9.50"]
[White "Duchene, Rene"]
[Black "Doran, Chris"]
[Result "1-0"]
[WhiteElo "2188"]
[BlackElo "2060"]
[PlyCount "75"]
[EventDate "2007.??.??"]

1. Nf3 Nf6 2. c4 g6 3. Nc3 Bg7 4. e4 d6 5. d4 O-O 6. Be2 e5 7. d5 a5 8. Bg5
Nbd7 9. Nd2 Nc5 10. Qc2 c6 11. O-O h6 12. Be3 Nfd7 13. g4 Qh4 14. Kh1 f5 15.
gxf5 gxf5 16. exf5 Nf6 17. Rg1 cxd5 18. cxd5 e4 19. Rg3 Bxf5 20. Rag1 Rf7 21.
Nb5 Rd8 22. Nc4 Nxd5 23. Nbxd6 Nxe3 24. Nxe3 Nd3 25. Rxg7+ Rxg7 26. Rxg7+ Kh8
27. Bxd3 Rxd6 28. Nxf5 exd3 29. Qc3 Qf6 30. Nxd6 Qxc3 31. bxc3 Kxg7 32. Ne4 Kf7
33. Kg2 Ke6 34. Kf3 Kd5 35. Ke3 Kc4 36. Kd2 b5 37. f4 b4 38. cxb4 1-0

[Event "Politiken Cup 2007"]
[Site "Helsingor"]
[Date "2007.07.28"]
[Round "9.51"]
[White "Wiwe, Andreas"]
[Black "Jensen, Morten Frank"]
[Result "1-0"]
[WhiteElo "2187"]
[BlackElo "2054"]
[PlyCount "113"]
[EventDate "2007.??.??"]

1. e4 e6 2. d4 d5 3. Nc3 Nc6 4. Nf3 Nf6 5. e5 Ne4 6. Bd3 Bb4 7. Bd2 Nxd2 8.
Qxd2 f6 9. exf6 Qxf6 10. O-O Bd7 11. Qe3 O-O 12. a3 Bd6 13. Rad1 Bf4 14. Qe2 a6
15. Rfe1 Rae8 16. Ne5 Bxe5 17. dxe5 Qh6 18. Qd2 Qxd2 19. Rxd2 Ne7 20. Ne2 Rd8
21. b4 b5 22. Nd4 Nc8 23. Nb3 Nb6 24. Nc5 Bc8 25. g3 Rf7 26. h4 g6 27. f4 Kf8
28. Kf2 Ke7 29. Ke3 Nd7 30. Nxd7 Bxd7 31. Kd4 Rb8 32. Rh2 Rg8 33. Ke3 h5 34.
Rg1 Rfg7 35. Rhg2 Bc6 36. Rh2 Bb7 37. Kd4 Rf7 38. Kc5 Kd7 39. Ra1 Rgf8 40. c3
c6 41. a4 Rc8 42. a5 Rcf8 43. Rg1 Kc7 44. Rhg2 Rg7 45. Kd4 Kd8 46. Rf1 Rfg8 47.
g4 Bc8 48. gxh5 gxh5 49. Rg5 Bd7 50. Rfg1 Rxg5 51. fxg5 Rf8 52. Rf1 Rxf1 53.
Bxf1 Be8 54. Bd3 Ke7 55. Kc5 Bd7 56. Kb6 Bc8 57. Kxc6 1-0

[Event "Politiken Cup 2007"]
[Site "Helsingor"]
[Date "2007.07.28"]
[Round "9.52"]
[White "Valla, Martin"]
[Black "Laursen, Niels Norskov"]
[Result "1/2-1/2"]
[WhiteElo "2033"]
[BlackElo "2186"]
[PlyCount "27"]
[EventDate "2007.??.??"]

1. d4 Nf6 2. c4 c5 3. d5 e6 4. Nc3 exd5 5. cxd5 d6 6. e4 g6 7. Bf4 a6 8. Qa4+
Bd7 9. Qc2 b5 10. O-O-O b4 11. Nb1 Bb5 12. Nf3 Nbd7 13. Nbd2 Nh5 14. Bg5
1/2-1/2

[Event "Politiken Cup 2007"]
[Site "Helsingor"]
[Date "2007.07.28"]
[Round "9.54"]
[White "Aanstad, Magnus"]
[Black "Leszczynski, Krzysztof"]
[Result "0-1"]
[WhiteElo "1818"]
[BlackElo "2180"]
[PlyCount "72"]
[EventDate "2007.??.??"]

1. e4 d5 2. d4 dxe4 3. Nc3 Nf6 4. Bg5 Nbd7 5. f3 exf3 6. Nxf3 c6 7. Bc4 e6 8.
Qe2 Be7 9. Ne5 Nxe5 10. dxe5 Nd5 11. Bd2 Nxc3 12. Bxc3 b5 13. Bd3 b4 14. Bd2
Bb7 15. O-O-O Bg5 16. Kb1 Bxd2 17. Rxd2 Qe7 18. Be4 Rd8 19. Rxd8+ Kxd8 20. Qe3
a5 21. c3 Kc7 22. cxb4 axb4 23. Rc1 Ra8 24. Qg3 g6 25. Qf3 Qd7 26. Rd1 Qe7 27.
Rd6 Ra5 28. Qe3 Rxe5 29. Rxc6+ Bxc6 30. Qa7+ Kd6 31. Qb8+ Qc7 32. Qf8+ Kd7 33.
Bxc6+ Kxc6 34. Qa8+ Kd7 35. Qa4+ Kd8 36. Qxb4 Rc5 0-1

[Event "Politiken Cup 2007"]
[Site "Helsingor"]
[Date "2007.07.28"]
[Round "9.55"]
[White "Salama, Omar"]
[Black "Hansen, Anders"]
[Result "1-0"]
[WhiteElo "2173"]
[BlackElo "2053"]
[PlyCount "133"]
[EventDate "2007.??.??"]

1. Nf3 d5 2. d4 Nf6 3. c4 dxc4 4. e3 e6 5. Bxc4 c5 6. Nc3 a6 7. O-O b5 8. Bd3
Bb7 9. Qe2 Nbd7 10. Rd1 b4 11. Na4 cxd4 12. exd4 Qa5 13. b3 Bd6 14. Nb2 Qh5 15.
Nc4 Bb8 16. Nfe5 Qxe2 17. Bxe2 O-O 18. Bd2 Nxe5 19. dxe5 Nd5 20. Na5 Bc8 21.
Nc6 a5 22. Rac1 Bb7 23. Nxb8 Rfxb8 24. Bb5 Rc8 25. Kf1 Rc7 26. Rc4 Rac8 27.
Rdc1 Kf8 28. Ke1 Ke7 29. g3 h6 30. R1c2 Rxc4 31. Rxc4 Rxc4 32. bxc4 Nc7 33. Ba4
Kd8 34. a3 Na6 35. axb4 axb4 36. Kd1 Nc5 37. Bb5 b3 38. Ba5+ Kc8 39. Bc3 Kd8
40. Bd4 Be4 41. Kd2 Nd3 42. f3 Bg6 43. Ba4 b2 44. Bc2 b1=Q 45. Bxb1 Nxe5 46.
Bxe5 Bxb1 47. Bxg7 h5 48. Bf6+ Kd7 49. Ke3 Bc2 50. Kf4 Bd1 51. h4 Kd6 52. Bd4
e5+ 53. Bxe5+ Kc5 54. g4 Kxc4 55. gxh5 Kd5 56. Kf5 Bxf3 57. h6 Bh5 58. Kf6 Bg6
59. Bc7 Kc6 60. Bg3 Kd7 61. Kg7 Ke6 62. h7 Bxh7 63. Kxh7 Kf6 64. h5 Kg5 65. h6
f5 66. Kg7 f4 67. Be1 1-0

[Event "Politiken Cup 2007"]
[Site "Helsingor"]
[Date "2007.07.28"]
[Round "9.56"]
[White "Brondum, Eric"]
[Black "Arvola, Benjamin"]
[Result "1/2-1/2"]
[WhiteElo "2169"]
[BlackElo "2022"]
[PlyCount "40"]
[EventDate "2007.??.??"]

1. Nf3 Nf6 2. g3 g6 3. Bg2 Bg7 4. O-O O-O 5. d3 d5 6. Nbd2 c5 7. e4 Nc6 8. c3
dxe4 9. Nxe4 b6 10. Nxf6+ exf6 11. d4 Ba6 12. Re1 cxd4 13. Qa4 Qc8 14. Nxd4
Nxd4 15. Qxd4 Bb7 16. Bxb7 Qxb7 17. Qe4 Qd7 18. Be3 Rae8 19. a4 f5 20. Qf3 Qd3
1/2-1/2

[Event "Politiken Cup 2007"]
[Site "Helsingor"]
[Date "2007.07.28"]
[Round "9.57"]
[White "Soraas, Torben"]
[Black "Jensen, Ib"]
[Result "1-0"]
[WhiteElo "2155"]
[BlackElo "2047"]
[PlyCount "61"]
[EventDate "2007.??.??"]

1. e4 e5 2. d4 exd4 3. Nf3 d6 4. Nxd4 Nf6 5. Nc3 Be7 6. Be2 O-O 7. O-O a6 8. a4
c5 9. Nf3 Nc6 10. h3 Nb4 11. Bf4 d5 12. exd5 Nfxd5 13. Nxd5 Qxd5 14. c3 Qf5 15.
Bg3 Rd8 16. Qb3 Be6 17. Bc4 Bxc4 18. Qxc4 Nc6 19. Rfe1 Bf6 20. Re4 Nd4 21. Nd2
Ne6 22. Nf1 Qd5 23. Ne3 Qd2 24. Ng4 Bg5 25. f4 Qxb2 26. Rae1 Rd2 27. Rxe6 Rxg2+
28. Kh1 h5 29. Re8+ Rxe8 30. Rxe8+ Kh7 31. Qe4+ 1-0

[Event "Politiken Cup 2007"]
[Site "Helsingor"]
[Date "2007.07.28"]
[Round "9.58"]
[White "Mikkelsen, Nikolaj"]
[Black "Thorvaldsson, Arni"]
[Result "1-0"]
[WhiteElo "2303"]
[BlackElo "1947"]
[PlyCount "49"]
[EventDate "2007.??.??"]

1. e4 e6 2. d4 d5 3. Nc3 Nf6 4. e5 Nfd7 5. f4 c5 6. Nf3 Nc6 7. Be3 cxd4 8. Nxd4
Bc5 9. Qd2 O-O 10. O-O-O a6 11. Nb3 Bb4 12. h4 b5 13. Rh3 Nb6 14. Qf2 Nc4 15.
Bc5 Bxc5 16. Nxc5 Qb6 17. Rg3 Rb8 18. f5 f6 19. Bd3 N6xe5 20. Qd4 Qc7 21. fxe6
Nxb2 22. Bxh7+ Kxh7 23. Nxd5 Ned3+ 24. Rgxd3 Nxd3+ 25. Qxd3+ 1-0

[Event "Politiken Cup 2007"]
[Site "Helsingor"]
[Date "2007.07.28"]
[Round "9.59"]
[White "Rosenkilde, Alexander"]
[Black "Hvenekilde, Jorgen"]
[Result "0-1"]
[WhiteElo "2047"]
[BlackElo "2239"]
[PlyCount "126"]
[EventDate "2007.??.??"]

1. d4 Nf6 2. c4 g6 3. Nc3 Bg7 4. e4 d6 5. f3 O-O 6. Be3 e5 7. Nge2 exd4 8. Nxd4
Nc6 9. Be2 Re8 10. O-O Bd7 11. Qd2 a6 12. Rac1 Nxd4 13. Bxd4 Rb8 14. b4 Be6 15.
Rfd1 Rc8 16. Qb2 Nh5 17. Bxg7 Nxg7 18. c5 Qd7 19. cxd6 cxd6 20. Qd2 Red8 21.
Nd5 Bxd5 22. Rxc8 Rxc8 23. Qxd5 Ne6 24. Qxd6 Qxd6 25. Rxd6 Rc2 26. Bf1 Rxa2 27.
Bc4 Rb2 28. Bxe6 fxe6 29. Rb6 Kg7 30. Rxb7+ Kf6 31. h4 a5 32. b5 Ke5 33. b6 Kd6
34. Rb8 Kc6 35. b7 Rxb7 36. Ra8 Kb5 37. Kf2 Kb4 38. Ke3 a4 39. Kd2 Rc7 40. g4
a3 41. Rb8+ Ka4 42. f4 a2 43. Ra8+ Kb3 44. Rb8+ Ka3 45. Ra8+ Kb2 46. Rb8+ Ka3
47. Ra8+ Kb3 48. Rb8+ Kc4 49. Ra8 Rd7+ 50. Ke2 Kb3 51. Rb8+ Kc3 52. Rc8+ Kd4
53. Ra8 Kxe4 54. Rxa2 Kxf4 55. Ra4+ Kg3 56. g5 Rf7 57. h5 gxh5 58. Re4 Re7 59.
Ke1 h4 60. Kf1 h3 61. Kg1 e5 62. Kh1 Ra7 63. Re3+ Kf4 0-1

[Event "Politiken Cup 2007"]
[Site "Helsingor"]
[Date "2007.07.28"]
[Round "9.60"]
[White "Dalberg, Preben"]
[Black "Jorgensen, Arne Bjorn"]
[Result "1-0"]
[WhiteElo "2205"]
[BlackElo "2049"]
[PlyCount "81"]
[EventDate "2007.??.??"]

1. Nf3 Nf6 2. c4 g6 3. b4 Bg7 4. Bb2 O-O 5. g3 d6 6. Bg2 e5 7. d3 a5 8. a3 axb4
9. axb4 Rxa1 10. Bxa1 Na6 11. Bc3 c6 12. O-O Re8 13. Nbd2 Bf5 14. Qa1 Qe7 15.
Re1 Bg4 16. c5 Bxf3 17. cxd6 Qxd6 18. Nxf3 Nd5 19. Bb2 Naxb4 20. Rd1 c5 21. Nd2
Nc2 22. Qa4 Rd8 23. Qxc2 b6 24. Ra1 h6 25. Qb3 Nb4 26. Ra7 Rf8 27. Bc3 h5 28.
Bxb4 cxb4 29. Bd5 Qc5 30. Qc4 Rc8 31. Nb3 Qxc4 32. dxc4 e4 33. Rxf7 Kh8 34. Rb7
Bc3 35. Rxb6 Kg7 36. c5 Rf8 37. Bxe4 Be1 38. Rxg6+ Kf7 39. f3 h4 40. Kg2 hxg3
41. hxg3 1-0

[Event "Politiken Cup 2007"]
[Site "Helsingor"]
[Date "2007.07.28"]
[Round "9.61"]
[White "Preuss, Flemming"]
[Black "Petersen, Peter Birk"]
[Result "1/2-1/2"]
[WhiteElo "2013"]
[BlackElo "2187"]
[PlyCount "42"]
[EventDate "2007.??.??"]

1. e4 c5 2. Nc3 e6 3. g3 Nc6 4. Bg2 g6 5. d3 Bg7 6. Be3 b6 7. Qd2 Bb7 8. Nge2
a6 9. O-O Nd4 10. Nd1 Nxe2+ 11. Qxe2 Ne7 12. Qd2 O-O 13. Bh6 d5 14. Bxg7 Kxg7
15. e5 Nf5 16. Ne3 Nxe3 17. Qxe3 d4 18. Qf4 Bxg2 19. Kxg2 h6 20. Rfe1 Rc8 21.
b3 Rc7 1/2-1/2

[Event "Politiken Cup 2007"]
[Site "Helsingor"]
[Date "2007.07.28"]
[Round "9.62"]
[White "Vas, Peter"]
[Black "Andersen, Daniel"]
[Result "1/2-1/2"]
[WhiteElo "2166"]
[BlackElo "1997"]
[PlyCount "37"]
[EventDate "2007.??.??"]

1. e4 e6 2. d4 d5 3. Nd2 c5 4. exd5 Qxd5 5. Ngf3 Nf6 6. Bc4 Qd6 7. O-O cxd4 8.
Nb3 Nc6 9. Nbxd4 Nxd4 10. Nxd4 Bd7 11. c3 Qc7 12. Qe2 Bd6 13. h3 O-O 14. Nb5
Bxb5 15. Bxb5 a6 16. Bd3 Bh2+ 17. Kh1 Bf4 18. Re1 Rad8 19. Bc2 1/2-1/2

[Event "Politiken Cup 2007"]
[Site "Helsingor"]
[Date "2007.07.28"]
[Round "9.63"]
[White "Andersen, Rune Egede"]
[Black "Christensen, Janus"]
[Result "1/2-1/2"]
[WhiteElo "2016"]
[BlackElo "2137"]
[PlyCount "47"]
[EventDate "2007.??.??"]

1. e4 e5 2. Nf3 Nc6 3. d4 exd4 4. Bc4 Nf6 5. O-O Nxe4 6. Re1 d5 7. Bxd5 Qxd5 8.
Nc3 Qh5 9. Nxe4 Be6 10. Bg5 h6 11. Bf6 Bd6 12. Nxd6+ cxd6 13. Bxd4 O-O 14. Bc3
Rad8 15. Re3 Rfe8 16. Qd3 f6 17. Rae1 Ne5 18. Nxe5 dxe5 19. Qb5 Qf7 20. Qa4 b6
21. Rg3 Bf5 22. h3 Kh7 23. Rf3 Qd7 24. Qxd7 1/2-1/2

[Event "Politiken Cup 2007"]
[Site "Helsingor"]
[Date "2007.07.28"]
[Round "9.64"]
[White "Rasmussen, Uffe"]
[Black "Skovgaard, Tom"]
[Result "1-0"]
[WhiteElo "2136"]
[BlackElo "1995"]
[PlyCount "77"]
[EventDate "2007.??.??"]

1. e4 Nf6 2. e5 Nd5 3. d4 d6 4. Nf3 g6 5. Bc4 Nb6 6. Bb3 Bg7 7. a4 a5 8. Qe2 e6
9. O-O O-O 10. Bg5 Qe8 11. Nc3 d5 12. Qe3 Bd7 13. h4 Na6 14. h5 f5 15. exf6
Bxf6 16. Bh6 Rf7 17. hxg6 hxg6 18. Rfe1 Rh7 19. Bf4 Qf7 20. Nb5 Rc8 21. c3 Rh5
22. g4 Rh7 23. Kg2 Nc4 24. Bxc4 dxc4 25. Na3 c5 26. dxc5 Rxc5 27. Rad1 e5 28.
Nxe5 Bxe5 29. Bxe5 Bc6+ 30. f3 Rd5 31. Nxc4 Bxa4 32. Nd6 Qe6 33. Rxd5 Qxd5 34.
Bg3 Nc7 35. Ne4 Rf7 36. g5 Bc6 37. Nf6+ Rxf6 38. gxf6 Ne6 39. Qxe6+ 1-0

[Event "Politiken Cup 2007"]
[Site "Helsingor"]
[Date "2007.07.28"]
[Round "9.65"]
[White "Finnlaugsson, Gunnar"]
[Black "Danielsson, Robert"]
[Result "1/2-1/2"]
[WhiteElo "2116"]
[BlackElo "1973"]
[PlyCount "37"]
[EventDate "2007.??.??"]

1. e4 c5 2. Nf3 Nc6 3. d4 cxd4 4. Nxd4 g6 5. Nc3 Bg7 6. Be3 Nf6 7. h3 d6 8. Bc4
O-O 9. Bb3 Bd7 10. O-O a6 11. Re1 Rc8 12. f4 b5 13. Nd5 Na5 14. Bf2 Nc4 15.
Bxc4 Rxc4 16. c3 Nxd5 17. exd5 Bf6 18. Qd3 Qc8 19. Rac1 1/2-1/2

[Event "Politiken Cup 2007"]
[Site "Helsingor"]
[Date "2007.07.28"]
[Round "9.66"]
[White "Cannon, Richard J"]
[Black "Andersen, Dag"]
[Result "1/2-1/2"]
[WhiteElo "2104"]
[BlackElo "1944"]
[PlyCount "58"]
[EventDate "2007.??.??"]

1. e4 e6 2. d4 d5 3. Nc3 Bb4 4. exd5 exd5 5. Bd3 Nc6 6. a3 Bxc3+ 7. bxc3 Nge7
8. Qh5 Be6 9. Rb1 b6 10. Nf3 Qd7 11. Ng5 O-O-O 12. Nxe6 Qxe6+ 13. Be3 g6 14.
Qf3 h6 15. O-O f5 16. Rfe1 Qf7 17. Ba6+ Kb8 18. Bf4 g5 19. Be5 Rhf8 20. Qe2
Nxe5 21. Qxe5 Ng6 22. Qe6 Qf6 23. Kf1 c6 24. Re2 h5 25. a4 Rd6 26. Qxf6 Rdxf6
27. Rbe1 Kc7 28. Bd3 g4 29. Re8 Kd7 1/2-1/2

[Event "Politiken Cup 2007"]
[Site "Helsingor"]
[Date "2007.07.28"]
[Round "9.67"]
[White "Knudsen, Jes West"]
[Black "Borg, Andrew"]
[Result "0-1"]
[WhiteElo "1990"]
[BlackElo "2102"]
[PlyCount "64"]
[EventDate "2007.??.??"]

1. e4 c6 2. d4 d5 3. Nc3 dxe4 4. f3 exf3 5. Nxf3 Bg4 6. Bc4 e6 7. Be3 Nf6 8.
Qd2 Bxf3 9. gxf3 Bb4 10. Rg1 g6 11. Bg5 Nbd7 12. a3 Bxc3 13. Qxc3 h6 14. Bh4
Nd5 15. Bxd8 Nxc3 16. Bh4 Nd5 17. Kf2 g5 18. Bg3 O-O-O 19. Rae1 Rde8 20. Ba2 f5
21. Bd6 f4 22. c4 Ne3 23. h4 Rhg8 24. c5 Nf6 25. Bxf4 gxf4 26. Rxg8 Nxg8 27.
Rg1 Nd5 28. Rg6 Kd7 29. Ke2 h5 30. Kd3 Ngf6 31. b4 Rg8 32. Rh6 Ke7 0-1